000 00862nam a2200241Ia 4500
001 21870
005 20260320113320.0
008 260320s9999||||xx |||||||||||||| ||und||
041 _aESP
082 _a378
_bV74
100 _aVirrueta Revilla, Julio Salomón,
_eAUT
245 0 _aEducación superior :
_bimportancia de los proyectos pedagógicos y la formulación de objetivos, competencias y actividades
246 _a
_5
_b
260 _aArequipa :
_bApoinf,
_c2000
300 _a161 páginas :
_bilustraciones, cuadros, diagramas ;
_c22 cm.
_e
440 _a
_n
_v
650 _aCIS
653 _aEducación superior; Proyectos pedagógicos; formulación de competencias
654 _aCED
700 _a
_c
856 _uhttps://research-ebsco-com.ucsp.lookproxy.com/c/qxo6us/search
_zVéase además: Base de datos EBSCOhost
942 _cLIB
_dJUS
_fMAT
_2ddc
_n
999 _c21870
_d21870